000 00724nam a2200241Ia 4500
003 GCL
008 140319s9999 xx 000 0 ara d
040 _aGCL /
_cGCL
082 0 4 _a412
_bن ص
100 1 _aالنحاس , ابوجعفر احمد بن محمد
245 1 0 _aصناعة الكتاب /
_cالنحاس , ابوجعفر احمد بن محمد
260 _a[S.N] :
_bدار العلوم العربية ،
_c1990
300 _a392 ص
490 _a
650 0 4 _aالنحو
650 0 4 _aالالفاظ
650 0 4 _aالاشتقاق
650 0 4 _aالكتابة
650 0 4 _aاللغة العربية
650 0 4 _aالبلاغة العربية
650 0 4 _aنشر الكتب
942 _2ddc
_cBK
999 _c30611
_d30611